[Event "SV Letmathe 1 - Bochumer SV 1"]
[Site "Oberliga NRW 2021/2022"]
[Date "2021.10.31"]
[Round "1.5"]
[White "Heinbuch, Detlef Ulrich"]
[Black "Pfleger, Sascha"]
[Result "1-0"]
[WhiteElo "2181"]
[BlackElo "1960"]
[PlyCount "67"]
[EventDate "2021.??.??"]
[SourceVersionDate "2020.03.16"]
[WhiteTeam "Bochumer SV 1"]
[BlackTeam "SV Letmathe 1"]

1. c4 c5 2. b3 b6 3. Nf3 Bb7 4. e3 e6 5. Be2 Nf6 6. O-O Be7 7. Bb2 O-O 8. a3 d5
9. cxd5 Nxd5 10. d3 Nd7 11. Nbd2 Rc8 12. Rc1 Bf6 13. Qc2 Qe7 14. Ne4 Bxb2 15.
Qxb2 Nc7 16. Ned2 Nd5 17. Rc2 Rfd8 18. Rfc1 Ba6 19. Nc4 b5 20. Ncd2 b4 21. Bf1
bxa3 22. Qxa3 Nb4 23. Rc3 Nb6 24. d4 Bxf1 25. Kxf1 cxd4 26. Rxc8 Nxc8 27. Nxd4
Qb7 28. Qa5 Qa6+ 29. Nc4 Qxa5 30. Nxa5 Nb6 31. Rc7 a6 32. Rb7 N4d5 33. e4 Nf4
34. Nac6 1-0

[Event "SV Letmathe 1 - Bochumer SV 1"]
[Site "Oberliga NRW 2021/2022"]
[Date "2021.10.31"]
[Round "1.6"]
[White "Hunold, Rolf"]
[Black "Kiese, Matthias"]
[Result "0-1"]
[WhiteElo "1940"]
[BlackElo "2154"]
[Annotator "daniel"]
[PlyCount "96"]
[EventDate "2021.??.??"]
[SourceVersionDate "2020.03.16"]
[WhiteTeam "SV Letmathe 1"]
[BlackTeam "Bochumer SV 1"]

1. e4 c5 2. Nf3 d6 3. Bb5+ Bd7 4. Bxd7+ Qxd7 5. O-O Nf6 6. Re1 Nc6 7. c3 e6 8.
d4 cxd4 9. cxd4 d5 10. e5 Ne4 11. Nbd2 Nxd2 12. Bxd2 Be7 13. Rc1 O-O 14. Re3
Rfc8 15. Rec3 Nd8 16. a3 Rxc3 17. Rxc3 Rc8 18. Qc1 Rxc3 19. Qxc3 $11 Qa4 20. h3
Nc6 21. Kh2 a6 22. Be3 f6 23. Bc1 fxe5 24. dxe5 Qe4 25. Be3 h6 26. Qb3 b5 27.
Qc3 Qc4 28. Qd2 Kf7 29. Bd4 Ke8 30. Bc3 Qe4 31. Bd4 Kd7 32. b4 g5 33. Qc3 h5
34. Bc5 Bd8 35. Qe3 Qxe3 36. Bxe3 g4 37. hxg4 hxg4 38. Nd4 Nxe5 39. Bf4 Nd3 40.
Bb8 Bb6 41. Nc2 Bxf2 42. g3 e5 43. Kg2 Ke6 44. Bc7 d4 45. Na1 Be1 46. Nb3 Kd5
47. Na5 e4 48. Kf1 Bc3 0-1

[Event "SV Letmathe 1 - Bochumer SV 1"]
[Site "Oberliga NRW 2021/2022"]
[Date "2021.10.31"]
[Round "1.7"]
[White "Pewny, Uwe"]
[Black "Heeke, Guido"]
[Result "1-0"]
[WhiteElo "2182"]
[BlackElo "1857"]
[PlyCount "71"]
[EventDate "2021.??.??"]
[SourceVersionDate "2020.03.16"]
[WhiteTeam "Bochumer SV 1"]
[BlackTeam "SV Letmathe 1"]

1. e4 c6 2. d4 d5 3. e5 Bf5 4. h4 h6 5. g4 Bh7 6. e6 Qd6 7. exf7+ Kxf7 8. Nf3
Nd7 9. Qe2 Be4 10. Nc3 Ngf6 11. g5 hxg5 12. Nxg5+ Kg8 13. Ncxe4 Nxe4 14. Nxe4
dxe4 15. Qxe4 Qd5 16. Qxd5+ cxd5 17. Bh3 Nf6 18. Be6+ Kh7 19. h5 a5 20. f4 Rd8
21. f5 Rd6 22. a4 Ne8 23. Bf4 Nc7 24. Bxd6 exd6 25. O-O-O Be7 26. Bf7 Rf8 27.
Bg6+ Kh6 28. Rh3 b5 29. Rc3 Bd8 30. axb5 Nxb5 31. Rb3 Nc7 32. Re1 Kg5 33. Rb7
Kh6 34. Kb1 Kg5 35. c3 Kf6 36. Kc2 1-0

[Event "SV Letmathe 1 - Bochumer SV 1"]
[Site "Oberliga NRW 2021/2022"]
[Date "2021.10.31"]
[Round "1.8"]
[White "Atasoy, Tarik"]
[Black "Berndt, Joachim"]
[Result "0-1"]
[WhiteElo "1766"]
[BlackElo "2028"]
[PlyCount "62"]
[EventDate "2021.??.??"]
[SourceVersionDate "2020.03.16"]
[WhiteTeam "SV Letmathe 1"]
[BlackTeam "Bochumer SV 1"]

1. e4 e6 2. d4 d5 3. e5 c5 4. c3 Qb6 5. Nf3 Nc6 6. a3 cxd4 7. cxd4 Bd7 8. Be2
Nge7 9. b4 Nf5 10. Bb2 h5 11. b5 Na5 12. a4 Rc8 13. Nbd2 Be7 14. Rc1 Rxc1 15.
Qxc1 O-O 16. O-O Rc8 17. Qb1 a6 18. Qd3 axb5 19. axb5 Nc4 20. Nxc4 dxc4 21. Qc3
Qxb5 22. Nd2 Bb4 23. Qc2 Bxd2 24. Qxd2 h4 25. Bc3 Ne7 26. Qa2 Qb3 27. Qd2 Nd5
28. Ba1 c3 29. Qd3 Nf4 30. Qe3 Nxe2+ 31. Qxe2 Bb5 0-1

[Event "Klub Kölner SF 1 - SC Siegburg 1"]
[Site "Oberliga NRW 2021/2022"]
[Date "2021.10.31"]
[Round "1.1"]
[White "Andreev, Eduard"]
[Black "Helbig, Mark"]
[Result "1-0"]
[WhiteElo "2423"]
[BlackElo "2240"]
[PlyCount "41"]
[EventDate "2021.??.??"]
[SourceVersionDate "2020.03.16"]
[WhiteTeam "SC Siegburg 1"]
[BlackTeam "Klub Kölner SF 1"]

1. e4 c6 2. d4 d5 3. e5 Bf5 4. Nf3 e6 5. Be2 c5 6. Be3 cxd4 7. Nxd4 Ne7 8. O-O
Nbc6 9. Bb5 Qc7 10. c4 dxc4 11. Qa4 Bd3 12. Rc1 a6 13. Na3 Rc8 14. Bxc4 Bg6 15.
Bf1 Qa5 16. Qb3 b5 17. Ndxb5 axb5 18. Bxb5 Rb8 19. Rc5 Rxb5 20. Nxb5 Qb4 21.
Rd1 1-0

[Event "Klub Kölner SF 1 - SC Siegburg 1"]
[Site "Oberliga NRW 2021/2022"]
[Date "2021.10.31"]
[Round "1.2"]
[White "Wacker, Peter"]
[Black "Jackelen, Thomas"]
[Result "1/2-1/2"]
[WhiteElo "2239"]
[BlackElo "2396"]
[PlyCount "49"]
[EventDate "2021.??.??"]
[SourceVersionDate "2020.03.16"]
[WhiteTeam "Klub Kölner SF 1"]
[BlackTeam "SC Siegburg 1"]

1. e4 e6 2. d4 d5 3. Nd2 a6 4. Ngf3 c5 5. exd5 exd5 6. dxc5 Bxc5 7. Be2 Nf6 8.
O-O O-O 9. Nb3 Bb6 10. Bf4 Nc6 11. Nfd4 Re8 12. c3 Ne4 13. Bf3 Qf6 14. Bg3 Bd7
15. Re1 Rad8 16. Qd3 Ne5 17. Bxe5 Rxe5 18. Nd2 Bf5 19. Nxe4 dxe4 20. Bxe4 Bxe4
21. Rxe4 Rxe4 22. Qxe4 Bxd4 23. cxd4 Qxd4 24. Qxd4 Rxd4 25. Kf1 1/2-1/2

[Event "Klub Kölner SF 1 - SC Siegburg 1"]
[Site "Oberliga NRW 2021/2022"]
[Date "2021.10.31"]
[Round "1.3"]
[White "Grinev, Valeriy"]
[Black "Bayer, Ernst-Wolfgang"]
[Result "1-0"]
[WhiteElo "2424"]
[BlackElo "2223"]
[PlyCount "129"]
[EventDate "2021.??.??"]
[SourceVersionDate "2020.03.16"]
[WhiteTeam "SC Siegburg 1"]
[BlackTeam "Klub Kölner SF 1"]

1. d4 f5 2. g3 Nf6 3. Bg2 d6 4. Nf3 g6 5. b3 Bg7 6. Bb2 O-O 7. O-O a5 8. c4 e5
9. dxe5 Ng4 10. Qd5+ Kh8 11. Bc3 dxe5 12. Qxd8 Rxd8 13. h3 e4 14. hxg4 exf3 15.
exf3 Nc6 16. Bxg7+ Kxg7 17. g5 a4 18. Nc3 axb3 19. axb3 Rxa1 20. Rxa1 Rd3 21.
Nb5 f4 22. Nxc7 fxg3 23. fxg3 Rxb3 24. Ra8 Bd7 25. Ne8+ Bxe8 26. Rxe8 h6 27.
gxh6+ Kxh6 28. Rh8+ Kg7 29. Rc8 Nd4 30. Rc7+ Kf6 31. Kh2 Nxf3+ 32. Bxf3 Rxf3
33. Rxb7 Rc3 34. Rc7 Ke6 35. Kh3 Kd6 36. Rc8 Kd7 37. Rc5 Kd6 38. Rd5+ Ke6 39.
Rd4 Ke5 40. Rg4 Kf6 41. Kh4 Kf5 42. Rg5+ Kf6 43. Rc5 g5+ 44. Kg4 Ke6 45. Rc6+
Kd7 46. Rf6 Ke7 47. Rc6 Kd7 48. Rc5 Kd6 49. Rf5 Ke6 50. Rf3 Rxc4+ 51. Kxg5 Rc8
52. Rf6+ Ke7 53. g4 Rg8+ 54. Rg6 Ra8 55. Kh6 Kf8 56. g5 Rb8 57. Kh7 Rb7+ 58.
Kh8 Rb5 59. Rg8+ Ke7 60. Kh7 Ke6 61. g6 Rh5+ 62. Kg7 Ra5 63. Re8+ Kf5 64. Kh7
Kf6 65. Rf8+ 1-0

[Event "Klub Kölner SF 1 - SC Siegburg 1"]
[Site "Oberliga NRW 2021/2022"]
[Date "2021.10.31"]
[Round "1.4"]
[White "Bonnmann, Reinhard"]
[Black "Schmidt, Bodo"]
[Result "1-0"]
[WhiteElo "2183"]
[BlackElo "2241"]
[PlyCount "67"]
[EventDate "2021.??.??"]
[SourceVersionDate "2020.03.16"]
[WhiteTeam "Klub Kölner SF 1"]
[BlackTeam "SC Siegburg 1"]

1. d4 d5 2. c4 c6 3. Nf3 Nf6 4. e3 Bf5 5. Bd3 Bxd3 6. Qxd3 e6 7. O-O Nbd7 8.
Nbd2 Be7 9. e4 O-O 10. Re1 Bb4 11. Rd1 a6 12. cxd5 exd5 13. e5 Ne8 14. Nf1 f6
15. Qb3 Qb6 16. e6 Nb8 17. Bd2 a5 18. Ne3 Na6 19. a3 Bc5 20. Qc3 Bd6 21. Nf5 a4
22. Qe3 Qc7 23. Re1 Be7 24. Ba5 Qxa5 25. Nxe7+ Kh8 26. Nh4 g5 27. Nhf5 Ng7 28.
Qh3 Nxf5 29. Ng6+ Kg7 30. Nxf8 Nh6 31. e7 Nc7 32. Qd7 Ne8 33. Ne6+ Kg6 34. Nd8
1-0

[Event "Klub Kölner SF 1 - SC Siegburg 1"]
[Site "Oberliga NRW 2021/2022"]
[Date "2021.10.31"]
[Round "1.5"]
[White "Albrecht, Oliver"]
[Black "Wisskirchen, Andreas"]
[Result "1/2-1/2"]
[WhiteElo "2158"]
[BlackElo "2187"]
[PlyCount "90"]
[EventDate "2021.??.??"]
[SourceVersionDate "2020.03.16"]
[WhiteTeam "SC Siegburg 1"]
[BlackTeam "Klub Kölner SF 1"]

1. d4 Nf6 2. c4 g6 3. g3 Bg7 4. Bg2 O-O 5. Nc3 d6 6. Nf3 Nbd7 7. O-O e5 8. e4
c6 9. h3 Qe7 10. Re1 a6 11. Be3 b5 12. cxb5 axb5 13. a3 Bb7 14. Rc1 Rfd8 15.
Qd2 c5 16. dxe5 dxe5 17. Bg5 Nb6 18. Qe2 b4 19. axb4 cxb4 20. Nd5 Nbxd5 21.
exd5 e4 22. Nd2 h6 23. Bxf6 Qxf6 24. b3 Bxd5 25. Bxe4 Bxe4 26. Qxe4 Ra2 27. Nf3
Qb2 28. Rf1 Qxb3 29. Kg2 Rb2 30. Qe7 Rf8 31. Rc7 Qd5 32. Rd7 Qc6 33. Rc7 Qf6
34. Qe4 Qb6 35. Rb7 Qc5 36. Ne1 Qd4 37. Qxd4 Bxd4 38. Nd3 Rb3 39. Rd1 Bc3 40.
Nc5 Ra3 41. Ne4 Raa8 42. Nxc3 bxc3 43. Rc1 Rfc8 44. Rb3 c2 45. Rb2 Kg7 1/2-1/2

[Event "Klub Kölner SF 1 - SC Siegburg 1"]
[Site "Oberliga NRW 2021/2022"]
[Date "2021.10.31"]
[Round "1.6"]
[White "Schmidt, Martin"]
[Black "Dzierzenga, Stefan"]
[Result "1/2-1/2"]
[WhiteElo "2164"]
[BlackElo "2116"]
[PlyCount "34"]
[EventDate "2021.??.??"]
[SourceVersionDate "2020.03.16"]
[WhiteTeam "Klub Kölner SF 1"]
[BlackTeam "SC Siegburg 1"]

1. e4 e6 2. d4 d5 3. e5 c5 4. c3 Nc6 5. Nf3 Qb6 6. Bd3 Bd7 7. dxc5 Bxc5 8. O-O
f6 9. b4 Be7 10. b5 Na5 11. Nbd2 Rc8 12. Nb3 Nxb3 13. axb3 Rxc3 14. Be3 Bc5 15.
Qd2 Rxd3 16. Qxd3 Bxb5 17. Qc3 Bxe3 1/2-1/2

[Event "Klub Kölner SF 1 - SC Siegburg 1"]
[Site "Oberliga NRW 2021/2022"]
[Date "2021.10.31"]
[Round "1.7"]
[White "Kolkin, Michail"]
[Black "Raasch, Joerg"]
[Result "0-1"]
[WhiteElo "2319"]
[BlackElo "2139"]
[PlyCount "74"]
[EventDate "2021.??.??"]
[SourceVersionDate "2020.03.16"]
[WhiteTeam "SC Siegburg 1"]
[BlackTeam "Klub Kölner SF 1"]

1. Nf3 d5 2. g3 Nf6 3. Bg2 c6 4. O-O Bf5 5. d3 e6 6. c4 Bc5 7. Nc3 h6 8. Qb3
Qc8 9. cxd5 exd5 10. e4 dxe4 11. Nxe4 Bxe4 12. dxe4 O-O 13. Nh4 Nbd7 14. Nf5
Re8 15. Qc3 Bf8 16. Re1 Qc7 17. Bf4 Qb6 18. Bd6 Rad8 19. Rad1 Re6 20. Bxf8 Nxf8
21. Rxd8 Qxd8 22. e5 Nd5 23. Qb3 Qa5 24. Re2 Nd7 25. Qxb7 N5b6 26. Qc7 Qb5 27.
Bf1 Nxe5 28. Qd8+ Kh7 29. Qf8 Nf3+ 30. Kh1 Qxf5 31. Qd8 g6 32. Qd1 Rxe2 33.
Bxe2 Ng5 34. h4 Ne6 35. Kg1 Qd5 36. h5 Qxd1+ 37. Bxd1 g5 0-1

[Event "Klub Kölner SF 1 - SC Siegburg 1"]
[Site "Oberliga NRW 2021/2022"]
[Date "2021.10.31"]
[Round "1.8"]
[White "Klemenz, Luca"]
[Black "Steffens, Klaus"]
[Result "1/2-1/2"]
[WhiteElo "1992"]
[BlackElo "1842"]
[Annotator "daniel"]
[PlyCount "51"]
[EventDate "2021.??.??"]
[SourceVersionDate "2020.03.16"]
[WhiteTeam "Klub Kölner SF 1"]
[BlackTeam "SC Siegburg 1"]

1. d4 Nf6 2. c4 e6 3. Nf3 b6 4. e3 Bb7 5. Bd3 Bb4+ 6. Bd2 Qe7 7. a3 Bxd2+ 8.
Nbxd2 O-O 9. O-O d5 10. Qc2 c5 11. cxd5 exd5 12. dxc5 bxc5 13. Rac1 Nbd7 14.
Rfd1 g6 15. Bf1 Rac8 16. g3 Ne4 17. Bg2 Ndf6 18. Nxe4 Nxe4 $11 19. Nd2 Rfd8 20.
Nxe4 dxe4 21. Rxd8+ Rxd8 22. Rd1 Rxd1+ 23. Qxd1 Qe5 24. Qd2 Qd5 25. Qxd5 Bxd5
26. Kf1 1/2-1/2

[Event "SV Wattenscheid 1 - SV Letmathe 1"]
[Site "Oberliga NRW 2021/2022"]
[Date "2021.11.28"]
[Round "2.1"]
[White "Bosch, Jeroen"]
[Black "Koscielski, Janusz"]
[Result "1-0"]
[WhiteElo "2390"]
[BlackElo "2226"]
[PlyCount "53"]
[EventDate "2021.??.??"]
[SourceVersionDate "2020.03.16"]
[WhiteTeam "SV Letmathe 1"]
[BlackTeam "SV Wattenscheid 1"]

1. e4 c6 2. Nf3 d5 3. d3 dxe4 4. dxe4 Qxd1+ 5. Kxd1 Bg4 6. Be2 Nd7 7. Nd4 Bxe2+
8. Kxe2 Ngf6 9. f3 e6 10. a4 a5 11. Be3 Nc5 12. Nd2 Be7 13. Rhd1 O-O 14. N4b3
Nfd7 15. Bxc5 Nxc5 16. Nxc5 Bxc5 17. Nb3 Bb6 18. Rd7 Rab8 19. Rad1 Rfc8 20. Re7
Re8 21. Rxe8+ Rxe8 22. Rd7 Rb8 23. Nd2 Kf8 24. Nc4 Bd8 25. Nd6 Be7 26. Nxb7 Ke8
27. Rc7 1-0

[Event "SV Wattenscheid 1 - SV Letmathe 1"]
[Site "Oberliga NRW 2021/2022"]
[Date "2021.11.28"]
[Round "2.3"]
[White "Gruermann, Martin"]
[Black "Franke, Johannes"]
[Result "1/2-1/2"]
[WhiteElo "2201"]
[BlackElo "2260"]
[PlyCount "50"]
[EventDate "2021.??.??"]
[SourceVersionDate "2020.03.16"]
[WhiteTeam "SV Letmathe 1"]
[BlackTeam "SV Wattenscheid 1"]

1. e4 c6 2. d4 g6 3. c4 Bg7 4. Nc3 d6 5. Nf3 Nd7 6. Be3 Ngf6 7. h3 O-O 8. Be2
e5 9. dxe5 Nxe5 10. Nxe5 dxe5 11. Qxd8 Rxd8 12. Rd1 Rxd1+ 13. Kxd1 Be6 14. Kc2
Bf8 15. Rd1 Nd7 16. Na4 Be7 17. f3 Kf8 18. Bf1 Ke8 19. Be2 Rd8 20. Nc3 Bc5 21.
Bxc5 Nxc5 22. Rxd8+ Kxd8 23. b4 Nd7 24. c5 Kc7 25. a3 a5 1/2-1/2

[Event "SV Wattenscheid 1 - SV Letmathe 1"]
[Site "Oberliga NRW 2021/2022"]
[Date "2021.11.28"]
[Round "2.4"]
[White "Straeter, Timo"]
[Black "Pfleger, Sascha"]
[Result "1-0"]
[WhiteElo "2275"]
[BlackElo "1960"]
[PlyCount "99"]
[EventDate "2021.??.??"]
[SourceVersionDate "2020.03.16"]
[WhiteTeam "SV Wattenscheid 1"]
[BlackTeam "SV Letmathe 1"]

1. d4 Nf6 2. c4 c5 3. d5 b5 4. Nf3 d6 5. cxb5 a6 6. b6 Nbd7 7. Nc3 g6 8. e4 Bg7
9. Be2 O-O 10. O-O Nxb6 11. a4 Nbd7 12. a5 Ne8 13. Bf4 Rb8 14. Qd2 Nc7 15. Ra2
Rb4 16. Bh6 Ne5 17. Nxe5 Bxe5 18. f4 Rd4 19. Qe1 Bg7 20. Bxg7 Kxg7 21. f5 Bd7
22. Qg3 f6 23. fxg6 hxg6 24. Bd3 e5 25. dxe6 Bxe6 26. Raa1 c4 27. Bc2 Rd2 28.
Rac1 Rh8 29. Qe3 Rxc2 30. Rxc2 Rh5 31. Rcf2 Rxa5 32. Rxf6 Qxf6 33. Rxf6 Kxf6
34. h4 Re5 35. Qf4+ Ke7 36. g4 Bf7 37. g5 Ne8 38. Kh2 Re6 39. Nd5+ Kf8 40. Nb6
c3 41. bxc3 Kg8 42. Nc4 Kg7 43. e5 dxe5 44. Nxe5 Nd6 45. c4 Nf5 46. c5 Be8 47.
h5 Ne7 48. h6+ Kh7 49. Qf8 Nf5 50. Ng4 1-0

[Event "SV Wattenscheid 1 - SV Letmathe 1"]
[Site "Oberliga NRW 2021/2022"]
[Date "2021.11.28"]
[Round "2.5"]
[White "Hunold, Rolf"]
[Black "Wengenroth, Walter"]
[Result "0-1"]
[WhiteElo "1940"]
[BlackElo "2224"]
[PlyCount "88"]
[EventDate "2021.??.??"]
[SourceVersionDate "2020.03.16"]
[WhiteTeam "SV Letmathe 1"]
[BlackTeam "SV Wattenscheid 1"]

1. e4 c5 2. Nf3 d6 3. Bb5+ Nd7 4. c3 Ngf6 5. Qe2 a6 6. Ba4 b5 7. Bc2 e5 8. O-O
Be7 9. d4 O-O 10. Rd1 Qc7 11. dxe5 dxe5 12. Nbd2 c4 13. Nf1 Nc5 14. Ng3 h6 15.
h3 Bb7 16. Nh2 Rfd8 17. Rxd8+ Rxd8 18. Ng4 Nd3 19. Nxf6+ Bxf6 20. Qg4 Nxc1 21.
Rxc1 Bg5 22. Rd1 g6 23. Qe2 h5 24. Nf1 Qa5 25. a3 Qb6 26. Nh2 Rxd1+ 27. Qxd1
Qd8 28. Qb1 Qd2 29. a4 Bh4 30. axb5 Bxf2+ 31. Kh1 axb5 32. Nf3 Qd6 33. Qf1 Be3
34. Qe1 Bf4 35. b3 Bc8 36. bxc4 bxc4 37. Qe2 Be6 38. Qe1 Kg7 39. Qf2 Qa3 40.
Qe1 Qb2 41. Ba4 h4 42. Bc6 Bg3 43. Qd2 Qa1+ 44. Ng1 Be1 0-1

[Event "SV Wattenscheid 1 - SV Letmathe 1"]
[Site "Oberliga NRW 2021/2022"]
[Date "2021.11.28"]
[Round "2.6"]
[White "Sandkamp, Ralph"]
[Black "Schaar, Axel"]
[Result "1-0"]
[WhiteElo "2190"]
[BlackElo "1852"]
[PlyCount "53"]
[EventDate "2021.??.??"]
[SourceVersionDate "2020.03.16"]
[WhiteTeam "SV Wattenscheid 1"]
[BlackTeam "SV Letmathe 1"]

1. Nf3 c5 2. g3 Nf6 3. Bg2 g6 4. O-O Bg7 5. c4 O-O 6. d4 d6 7. b3 Nc6 8. Bb2
Bg4 9. d5 Bxf3 10. Bxf3 Ne5 11. Bg2 a6 12. Nc3 Rb8 13. a4 Nfd7 14. h3 Nf6 15.
e4 Nh5 16. Qe2 Qe8 17. Kh2 f5 18. f4 Nd7 19. Rae1 e5 20. dxe6 Qxe6 21. Qd2 Kh8
22. exf5 Qf6 23. g4 Qd4 24. Qc1 Nxf4 25. Rxf4 Be5 26. Nd1 Qd3 27. Re3 1-0

[Event "SV Wattenscheid 1 - SV Letmathe 1"]
[Site "Oberliga NRW 2021/2022"]
[Date "2021.11.28"]
[Round "2.7"]
[White "Heeke, Guido"]
[Black "Koerber, Matthias"]
[Result "0-1"]
[WhiteElo "1857"]
[BlackElo "2199"]
[Annotator "daniel"]
[PlyCount "112"]
[EventDate "2021.??.??"]
[SourceVersionDate "2020.03.16"]
[WhiteTeam "SV Letmathe 1"]
[BlackTeam "SV Wattenscheid 1"]

1. c4 c6 2. d4 d5 3. cxd5 cxd5 4. Nc3 Nf6 5. Nf3 Nc6 6. e3 a6 7. Be2 Bg4 8. O-O
e6 9. a3 Bd6 10. h3 Bh5 11. b4 O-O 12. Bb2 b5 13. Rc1 Nb8 14. Ne5 Bxe2 15. Nxe2
Nbd7 16. Nc6 Qb6 17. Na5 Rac8 18. Qd3 Qb8 19. Rxc8 Rxc8 20. Rc1 Nb6 21. Rxc8+
Qxc8 22. Qc3 Nc4 23. Nxc4 dxc4 24. f3 Nd5 25. Qd2 Qc7 26. e4 $11 Bf4 27. Qe1
Be3+ 28. Kh1 Nf4 29. Nxf4 Qxf4 30. Bc3 Bc1 31. d5 Bxa3 32. Bd2 Qd6 33. dxe6
fxe6 34. Bc3 Qf4 35. Bd2 Qf8 36. Bc3 a5 37. bxa5 b4 38. Bd4 c3 39. Bxc3 bxc3
40. Qxc3 Qc5 41. Qxc5 Bxc5 42. g3 Kf7 43. Kg2 Ke7 44. f4 Kd6 45. Kf3 Kc6 46. f5
e5 47. g4 Be7 48. Kg3 Kb5 49. a6 Kxa6 50. h4 Kb5 51. g5 Kc4 52. Kg4 Kd4 53. h5
Kxe4 54. h6 gxh6 55. f6 Bf8 56. f7 hxg5 0-1

[Event "SV Wattenscheid 1 - SV Letmathe 1"]
[Site "Oberliga NRW 2021/2022"]
[Date "2021.11.28"]
[Round "2.8"]
[White "Kaehmann, Joerg"]
[Black "Atasoy, Tarik"]
[Result "1-0"]
[WhiteElo "2127"]
[BlackElo "1766"]
[PlyCount "67"]
[EventDate "2021.??.??"]
[SourceVersionDate "2020.03.16"]
[WhiteTeam "SV Wattenscheid 1"]
[BlackTeam "SV Letmathe 1"]

1. e4 c5 2. Nf3 e6 3. d4 cxd4 4. Nxd4 a6 5. Bd3 Bc5 6. Nb3 Ba7 7. O-O Nc6 8.
Qe2 Qc7 9. Nc3 d6 10. Be3 Nf6 11. Rad1 O-O 12. Kh1 Bxe3 13. Qxe3 b5 14. f4 b4
15. Ne2 Bb7 16. Qh3 e5 17. fxe5 dxe5 18. Ng3 Ne7 19. Rxf6 gxf6 20. Nh5 Ng6 21.
Rf1 h6 22. Nd2 Rad8 23. Nc4 Bc8 24. Qe3 Nf4 25. Qg3+ Ng6 26. Rxf6 Kh7 27. Ne3
Be6 28. Nd5 Qb7 29. Bc4 Bxd5 30. Bxd5 Rxd5 31. exd5 Qxd5 32. Qe1 Nh4 33. Qe2
Rg8 34. Rf2 1-0

[Event "SV Mülheim-Nord 2 - SF Essen-Katernber"]
[Site "Oberliga NRW 2021/2022"]
[Date "2021.11.28"]
[Round "2.1"]
[White "Tomic, Bosko"]
[Black "Buckels, Valentin"]
[Result "1/2-1/2"]
[WhiteElo "2382"]
[BlackElo "2432"]
[PlyCount "81"]
[EventDate "2021.??.??"]
[SourceVersionDate "2020.03.16"]
[WhiteTeam "SF Essen-Katernberg  1"]
[BlackTeam "SV Mülheim-Nord 2"]

1. e4 e5 2. Nf3 Nc6 3. Bb5 a6 4. Ba4 Nf6 5. O-O Be7 6. Qe2 b5 7. Bb3 Bb7 8. c3
d5 9. d4 dxe4 10. Nxe5 O-O 11. Bf4 Bd6 12. Nd2 Ne7 13. Bg5 Nfd5 14. Bxe7 Qxe7
15. Qxe4 Bxe5 16. dxe5 Rad8 17. c4 Nb6 18. Qe3 Qb4 19. e6 fxe6 20. Rad1 Kh8 21.
a3 Qe7 22. cxb5 axb5 23. Ne4 Bd5 24. Rfe1 h6 25. h3 Qf7 26. Nc5 Bxb3 27. Rxd8
Rxd8 28. Qxb3 Rd2 29. Ne4 Rd5 30. Qc3 Na4 31. Qc2 Qf5 32. Qxc7 Nxb2 33. Qc8+
Kh7 34. Ng3 Qf7 35. Qc2+ Nd3 36. Re3 Qg6 37. Ne4 Nc5 38. Qe2 Nxe4 39. Rxe4 Rd1+
40. Kh2 Rd2 41. Qxd2 1/2-1/2

[Event "SV Mülheim-Nord 2 - SF Essen-Katernber"]
[Site "Oberliga NRW 2021/2022"]
[Date "2021.11.28"]
[Round "2.2"]
[White "Lenaerts, Lennert"]
[Black "Kueppers, Timo"]
[Result "1-0"]
[WhiteElo "2359"]
[BlackElo "2286"]
[PlyCount "81"]
[EventDate "2021.??.??"]
[SourceVersionDate "2020.03.16"]
[WhiteTeam "SV Mülheim-Nord 2"]
[BlackTeam "SF Essen-Katernberg  1"]

1. d4 Nf6 2. c4 e6 3. Nc3 Bb4 4. g3 Bxc3+ 5. bxc3 d6 6. Bg2 O-O 7. Nf3 Nc6 8.
Qd3 e5 9. Nd2 Re8 10. O-O Bg4 11. e4 Qd7 12. Nb3 Bh3 13. d5 Nb8 14. Bg5 Nh5 15.
Qe2 Qg4 16. Qxg4 Bxg4 17. f3 Bd7 18. c5 Bb5 19. Rfc1 Nd7 20. a4 Ba6 21. Be3 b6
22. cxd6 cxd6 23. a5 Nc5 24. Rcb1 Bd3 25. Rb2 Nxb3 26. Rxb3 Bc4 27. Rb4 b5 28.
a6 Rec8 29. Ra3 Nf6 30. Bf1 Bxd5 31. exd5 Nxd5 32. Bf2 Nxb4 33. cxb4 Rc1 34.
Ra5 g6 35. Rxb5 Ra1 36. Ra5 Rxa5 37. bxa5 Kf8 38. Bc4 Rc8 39. Bd5 Rc1+ 40. Kg2
Rc2 41. Kf1 1-0

[Event "SV Mülheim-Nord 2 - SF Essen-Katernber"]
[Site "Oberliga NRW 2021/2022"]
[Date "2021.11.28"]
[Round "2.3"]
[White "Rosen, Bernd"]
[Black "Baltic, Fatih"]
[Result "0-1"]
[WhiteElo "2278"]
[BlackElo "2207"]
[PlyCount "72"]
[EventDate "2021.??.??"]
[SourceVersionDate "2020.03.16"]
[WhiteTeam "SF Essen-Katernberg  1"]
[BlackTeam "SV Mülheim-Nord 2"]

1. c4 e5 2. e3 c6 3. Nc3 Bb4 4. Qc2 Nf6 5. Nf3 d6 6. d4 Bxc3+ 7. bxc3 O-O 8.
dxe5 dxe5 9. Nxe5 Qa5 10. Nf3 Na6 11. Bd2 Bf5 12. Bd3 Bxd3 13. Qxd3 Rad8 14.
Nd4 c5 15. Nb3 Rxd3 16. Nxa5 Rfd8 17. Nb3 Ne4 18. Rd1 Nxc3 19. Ra1 Ne4 20. Ba5
b6 21. f3 Rxe3+ 22. Kf1 bxa5 23. fxe4 Rxe4 24. Kf2 Rxc4 25. Rhd1 Rxd1 26. Rxd1
Rc2+ 27. Kf3 g6 28. Nxa5 Rxa2 29. Nc6 Nb4 30. Ne5 Ra6 31. g4 Rf6+ 32. Kg3 Re6
33. Kf4 g5+ 34. Kf5 Nc2 35. Rd8+ Kg7 36. Nf3 h6 0-1

[Event "SV Mülheim-Nord 2 - SF Essen-Katernber"]
[Site "Oberliga NRW 2021/2022"]
[Date "2021.11.28"]
[Round "2.4"]
[White "Hoenig, Alexander"]
[Black "Wessendorf, Thomas"]
[Result "1/2-1/2"]
[WhiteElo "2168"]
[BlackElo "2242"]
[PlyCount "64"]
[EventDate "2021.??.??"]
[SourceVersionDate "2020.03.16"]
[WhiteTeam "SV Mülheim-Nord 2"]
[BlackTeam "SF Essen-Katernberg  1"]

1. d4 Nf6 2. c4 e6 3. Nf3 c5 4. d5 exd5 5. cxd5 d6 6. Nc3 g6 7. e4 Bg7 8. Bb5+
Bd7 9. Bxd7+ Nbxd7 10. O-O O-O 11. Bf4 Re8 12. Qc2 Nb6 13. h3 Qd7 14. Rfe1 Nc4
15. Qb3 b5 16. Nxb5 Na5 17. Qa4 a6 18. Nc3 Qxa4 19. Nxa4 Rxe4 20. Rxe4 Nxe4 21.
Re1 f5 22. b3 Rd8 23. Ng5 Nxg5 24. Bxg5 Rb8 25. Bd2 Nb7 26. Nb6 Kf7 27. Kf1 Re8
28. Nd7 Rd8 29. Nb6 Bf6 30. Nc4 Re8 31. Na5 Nxa5 32. Bxa5 Be5 1/2-1/2

[Event "SV Mülheim-Nord 2 - SF Essen-Katernber"]
[Site "Oberliga NRW 2021/2022"]
[Date "2021.11.28"]
[Round "2.5"]
[White "Meyer, Armin"]
[Black "Bus, Tom"]
[Result "1/2-1/2"]
[WhiteElo "2250"]
[BlackElo "2052"]
[PlyCount "122"]
[EventDate "2021.??.??"]
[SourceVersionDate "2020.03.16"]
[WhiteTeam "SF Essen-Katernberg  1"]
[BlackTeam "SV Mülheim-Nord 2"]

1. c4 e6 2. g3 d5 3. Bg2 Nf6 4. Nf3 Be7 5. b3 O-O 6. Bb2 c5 7. cxd5 Nxd5 8. O-O
Nc6 9. d4 Bf6 10. e4 Ndb4 11. a3 Na6 12. e5 Be7 13. Qe2 cxd4 14. b4 Qb6 15.
Nbd2 Rd8 16. Rab1 Nc7 17. Ba1 Nb5 18. Nc4 Qa6 19. Qd3 Nxa3 20. b5 Nxb5 21. Qb3
Na3 22. Nxa3 Qxa3 23. Qd1 Qc5 24. Re1 h6 25. Re4 f5 26. exf6 Bxf6 27. Rc1 Qd6
28. Nd2 e5 29. f4 Bf5 30. fxe5 Nxe5 31. Rxd4 Qb6 32. Qb3+ Qxb3 33. Nxb3 Nd3 34.
Rxd8+ Bxd8 35. Bxb7 Nxc1 36. Bxa8 Nxb3 37. Bd5+ Kf8 38. Bxb3 Bb6+ 39. Kg2 Be4+
40. Kf1 Bf3 41. Be5 Bc5 42. Ba4 Bd5 43. Bb5 Kf7 44. Ba6 g6 45. h4 h5 46. Ke2
Ke6 47. Bf4 Be4 48. g4 hxg4 49. Bc8+ Kf6 50. Bxg4 a5 51. Bg5+ Ke5 52. h5 gxh5
53. Bxh5 a4 54. Bc1 a3 55. Bxa3 Bxa3 56. Bf3 Bf5 57. Bh5 Bc1 58. Bf3 Bh6 59.
Bh5 Kd4 60. Kf3 Kd3 61. Be8 Bg5 1/2-1/2